Les Simpson - Lisa - Statistiques

Statistiques générales
  • Ce quiz a été pris 424 fois
  • Le résultat moyen est 6 sur 10
Statistiques - réponses
Question Réponse % Correct
De quel instrument joue-t-elle ? du saxophone
100%
Quel animal rêve-t-elle d'avoir ? un poney
94%
Quelle religion pratique-t-elle ? le bouddhisme
85%
Avec qui Lisa est-elle sortie deux fois (saison 8 et saison 34) ? Nelson
71%
Quel arbre tente-t-elle de sauver d'un abattage ? un séquoia
63%
Quel activité n'a-t-elle jamais pratiqué avec ou contre son frère ? du basket
57%
Quelle note a-t-elle obtenu lorsqu'elle a triché lors d'un examen de lecture ? A+++
38%
Quand elle se fait passer pour un garçon pour pouvoir suivre les cours de maths qui ont été interdits aux filles, quel prénom prend-elle ? Jake
37%
Quel jour est-elle née ? un 9 mai
30%
À combien s'élève son Q.I. ? 159
15%
Aucun quiz correspondant
Distribution des résultats
% des personnes avec chaque résultat
Percentile par nombre de réponses
Votre historique - résultats
Vous n’avez pas pris ce quiz